Teoría y problemas de matemáticas financieras

Guardat en:
Dades bibliogràfiques
Autor principal: Ayres, Frank (Autor)
Format: Llibre
Idioma:espanyol
Publicat: Ciudad de México McGraw-Hill 1971
Col·lecció:Compendios Schaum
Matèries:
Etiquetes: Afegir etiqueta
Sense etiquetes, Sigues el primer a etiquetar aquest registre!

MARC

LEADER 00000nam a2200000 a 4500
001 UCV4145
003 CL-VaPUC
008 900516e19710000MX |||||||||||||||||spa|d
082 0 4 |a 330.015  |b AYR  |2 21 
100 0 |a Ayres, Frank  |e author  |9 298479 
245 1 0 |a Teoría y problemas de matemáticas financieras 
300 |a 230 p 
942 |c BK 
945 |d 19900516 00:00:00 
260 |a Ciudad de México  |b McGraw-Hill  |c 1971 
650 0 |a Matemáticas financieras  |9 260347 
583 |a last modification  |c 19900516 00:00:00  |k Rodrigo Vera 
490 0 |a Compendios Schaum 
999 |c 211129  |d 211127 
952 |0 0  |1 0  |4 0  |6 330_015000000000000_AYR_1971  |7 0  |8 A  |9 189219  |a BIBENE  |b BIBENE  |d 2019-11-14  |i 3264963  |o 330.015 AYR 1971  |p 3264963  |r 2025-01-15  |w 2019-11-14  |y BK  |k ICO 
952 |0 0  |1 0  |4 0  |6 330_015000000000000_AYR_1971  |7 0  |8 A  |9 189220  |a BIBENE  |b BIBENE  |d 2019-11-14  |i 1945483  |o 330.015 AYR 1971  |p 1945483  |r 2025-01-15  |w 2019-11-14  |y BK  |k ICO 
952 |0 0  |1 0  |4 0  |6 330_015000000000000_AYR_1971  |7 0  |8 A  |9 189221  |a BIBENE  |b BIBENE  |d 2019-11-14  |i 194553K  |o 330.015 AYR 1971  |p 194553K  |r 2025-01-15  |w 2019-11-14  |y BK  |k ICO 
952 |0 0  |1 0  |4 0  |6 330_015000000000000_AYR_1971  |7 0  |8 A  |9 189222  |a BIBGIM  |b BIBGIM  |d 2019-11-14  |i 1945580  |o 330.015 AYR 1971  |p 1945580  |r 2025-01-15  |w 2019-11-14  |y BK  |k COM 
952 |0 0  |1 0  |4 0  |6 330_015000000000000_AYR_1971  |7 0  |8 A  |9 189223  |a BIBGIM  |b BIBGIM  |d 2019-11-14  |i 1946226  |o 330.015 AYR 1971  |p 1946226  |r 2025-01-15  |w 2019-11-14  |y BK  |k COM 
952 |0 0  |1 2  |4 0  |6 330_015000000000000_AYR_1971  |7 0  |8 A  |9 189224  |a BIBGIM  |b BIBGIM  |d 2019-11-14  |i 1947273  |o 330.015 AYR 1971  |p 1947273  |r 2019-11-14  |w 2019-11-14  |y BK  |k COM 
952 |0 0  |1 0  |4 0  |6 330_015000000000000_AYR_1971  |7 0  |8 A  |9 189225  |a BIBENE  |b BIBENE  |d 2019-11-14  |i 1402412  |o 330.015 AYR 1971  |p 1402412  |r 2025-01-15  |w 2019-11-14  |y BK  |k ICO